|
|
|
|
| LEADER |
01149nam a2200253 a 4500 |
| 001 |
015176125 |
| 008 |
100309s2009 njua b 001 0 eng d |
| 020 |
|
|
|a 9780470292280
|
| 020 |
|
|
|a 0470292288
|
| 040 |
|
|
|a StDuBDS
|b eng
|c StDuBDS
|d Uk
|d BD-DhAAL
|
| 082 |
0 |
4 |
|a 621.3191
|2 22
|
| 100 |
1 |
|
|a Chowdhury, Ali A.
|
| 245 |
1 |
0 |
|a Power distribution system reliability :
|b practical methods and applications /
|c Ali A. Chowdhury, Don O. Koval.
|
| 260 |
|
|
|a Hoboken :
|b John Wiley & Sons,
|c c2009.
|
| 300 |
|
|
|a xxi, 531 p. :
|b ill. ;
|c 24 cm.
|
| 500 |
|
|
|a Formerly CIP.
|5 Uk
|
| 504 |
|
|
|a Includes bibliographical references and index.
|
| 541 |
1 |
|
|e 00019880
|
| 650 |
|
0 |
|a Electric power systems
|x Reliability.
|
| 700 |
1 |
|
|a Koval, D. O.
|q (Don Orest)
|
| 852 |
4 |
|
|a Ayesha Abed Library
|j General Shelf
|
| 999 |
|
|
|c 7749
|d 7749
|
| 952 |
|
|
|0 0
|1 0
|2 ddc
|4 0
|6 621_319100000000000_CHO_2009
|7 0
|9 8543
|a BRACUL
|b BRACUL
|c GEN
|d 2010-03-10
|l 1
|m 13
|o 621.3191 CHO
|p 3010019880
|r 2018-07-12
|s 2018-04-24
|t 2
|w 2010-03-10
|y BK
|
| 952 |
|
|
|0 0
|1 0
|2 ddc
|4 0
|6 621_319100000000000_CHO_2009
|7 0
|9 8544
|a BRACUL
|b BRACUL
|c GEN
|d 2010-03-10
|l 3
|m 45
|o 621.3191 CHO
|p 3010019879
|r 2020-01-13
|s 2019-11-02
|t 1
|w 2010-03-10
|y BK
|